Detalles MARC
| 000 -LEADER |
| campo de control de longitud fija |
04172nam a22003377a 4500 |
| 001 - NÚMERO DE CONTROL |
| campo de control |
TZ 0035 |
| 003 - IDENTIFICADOR DE NÚMERO DE CONTROL |
| campo de control |
gtcocun |
| 005 - FECHA Y HORA DE LA ÚLTIMA TRANSACCIÓN |
| campo de control |
20251007175628.0 |
| 006 - CÓDIGOS DE INFORMACIÓN DE LONGITUD FIJA--CARACTERÍSTICAS DEL MATERIAL ADICIONAL |
| campo de control de longitud fija |
a||||gr|||| 00| 0 |
| 007 - CAMPO FIJO DE DESCRIPCIÓN FÍSICA--INFORMACIÓN GENERAL |
| campo de control de longitud fija |
ta |
| 008 - DATOS DE LONGITUD FIJA--INFORMACIÓN GENERAL |
| campo de control de longitud fija |
251007b2009 gt ||||| m||| 00| 0 eng d |
| 040 ## - FUENTE DE CATALOGACIÓN |
| Centro catalogador/agencia de origen |
gtcocun |
| Lengua de catalogación |
SPA |
| Centro/agencia transcriptor |
gtcocun |
| Normas de descripción |
RDA |
| 041 ## - CÓDIGO DE IDIOMA |
| Código de lengua del texto/banda sonora o título independiente |
SPA TZ 0035 |
| 084 ## - OTRO NÚMERO DE CLASIFICACIÓN |
| Número de control del registro de autoridad o número normalizado |
TZ 0035 |
| 100 ## - ENTRADA PRINCIPAL--NOMBRE DE PERSONA |
| Nombre de persona |
Sandoval Hum, Cristian Orlando |
| Término indicativo de función/relación |
Autor |
| 245 ## - MENCIÓN DEL TÍTULO |
| Título |
INFORME FINAL DEL EJERCICIO PROFESIONAL SUPERVISADO REALIZADO EN LA GRANJA PECUARIA DEL CENTRO UNIVERSITARIO DEL NORTE, COBÁN, ALTA VERAPAZ./ |
| Mención de responsabilidad, etc. |
Cristian Orlando Sandoval Hum |
| Medio |
Impreso |
| 264 ## - PRODUCCIÓN, PUBLICACIÓN, DISTRIBUCIÓN, FABRICACIÓN Y COPYRIGHT |
| Producción, publicación, distribución, fabricación y copyright |
Cobán, Alta Verapaz: |
| Nombre del de productor, editor, distribuidor, fabricante |
Universidad de San Carlos de Guatemala, Centro Universitario del Norte, Zootecnia |
| Fecha de producción, publicación, distribución, fabricación o copyright |
2009 |
| 300 ## - DESCRIPCIÓN FÍSICA |
| Extensión |
27 p.: |
| Otras características físicas |
Ilustraciones, gráficas. |
| Dimensiones |
28 cm; |
| 336 ## - TIPO DE CONTENIDO |
| Fuente |
rdacontenido |
| Término de tipo de contenido |
Texto |
| Código de tipo de contenido |
txt |
| 337 ## - TIPO DE MEDIO |
| Fuente |
rdamedio |
| Nombre/término del tipo de medio |
Computadora |
| Código del tipo de medio |
n |
| 338 ## - TIPO DE SOPORTE |
| Fuente |
rdasoporte |
| Nombre/término del tipo de soporte |
Código en línea |
| Código del tipo de soporte |
cr |
| 502 ## - NOTA DE TESIS |
| identificador de la tesis |
TZ 0035 |
| 502 ## - NOTA DE TESIS |
| Nota de tesis |
Tesis de grado |
| Tipo de título |
Zootecnia, |
| Nombre de la institución que otorga el título |
Universidad de San Carlos de Guatemala, Centro Universitario del Norte, Zootecnia |
| Año de obtención del título |
2009 |
| Identificador de la tesis |
TZ 0035 |
| 520 14 - RESUMEN, ETC. |
| Sumario, etc. |
La presente investigación consistió en evaluar los parámetros productivos de conejos (Oryctolagus cuniculus) en fase de engorde, utilizando tres niveles de yogurt como probiótico, realizado en la sección de monogástricos de la granja pecuaria de la carrera de Zootecnia del Centro Universitario del Norte, ubicada en el municipio de Cobán, Alta Verapaz.<br/><br/>Para la realización del experimento se utilizaron 36 conejos híbridos de<br/>Nueva Zelanda por California, destetados a los 31 días de edad, distribuidos en<br/>cuatro tratamientos incluyendo al testigo con tres repeticiones cada uno, empleando un diseño completamente al azar, constituyendo cada animal una unidad experimental. Los resultados obtenidos fueron sometidos a un análisis de varianza (ANDEVA), con la finalidad de determinar si existían diferencias<br/>significativas entre tratamientos.<br/><br/>Las variables medidas fueron: Consumo de alimento, ganancia de peso, conversión alimenticia y rendimiento en canal caliente, asimismo se efectuó un análisis de costos por tratamiento, para determinar la eficiencia económica del experimento.<br/><br/>Durante los 63 días de duración del experimento, se llevó registro del consumo de alimento por tratamiento y semanalmente se llevó control de la ganancia de peso vivo en los animales. El agua de bebida y el alimento comercial balanceado peletizado, se suministró a libre acceso.<br/><br/>Se suministró cada 15 días, yogurt como probiótico vía oral a razón de 0.5,<br/>1.0 y 2.0 gramos a los animales de los tratamientos dos, tres y cuatro<br/>respectivamente, a los del tratamiento testigo se les proporcionó 1 mililitro de agua<br/>para igualar el efecto estrés que provoca el manejo.<br/><br/>De acuerdo al análisis realizado, no hubo diferencias estadísticas significativas en las variables productivas que fueron sujetas a estudio. Se obtuvieron consumos medios diarios de alimento de 0.2583, 0.2512, 0.246 y<br/>0.2495 kilogramos, para los tratamientos testigo, tratamiento dos, tres y cuatro<br/>respectivamente. Las ganancias medias diarias de peso son de .07895, 0.08043,<br/>0.07657 y 0.07506 kilogramos, para los tratamientos testigo, tratamiento dos, tres<br/>y cuatro respectivamente. La conversión alimenticia sufrió variaciones entre 3.12 y<br/>3.32 y el rendimiento en canal fue similar entre tratamientos, 50.27, 51.78, 51.55 y<br/>52.70 por cien respectivamente.<br/><br/>Se determinaron los costos para producir un kilogramo de peso vivo, dichos resultados fueron bastante similares en los cuatro tratamientos, sin embargo el más económico fue el tratamiento que se le proporcionó 0.5 gramos de yogurt como probiótico. |
| 650 14 - PUNTO DE ACCESO ADICIONAL DE MATERIA--TÉRMINO DE MATERIA |
| Fuente del encabezamiento o término |
LEMB |
| Término de materia o nombre geográfico como elemento de entrada |
Cobán, Alta Verapaz. |
| Subdivisión general |
Zootecnia |
| -- |
Parámetros productivos |
| -- |
Monogástricos |
| -- |
Granja Pecuaria |
| -- |
Peletizado |
| -- |
Probiótico |
| 700 ## - ENTRADA AGREGADA--NOMBRE PERSONAL |
| Nombre de persona |
Lic. Zoot. MPA. Fredy Giovani Macz Choc |
| Término indicativo de función/relación |
Asesor |
| 700 ## - ENTRADA AGREGADA--NOMBRE PERSONAL |
| Nombre de persona |
Lic. Zoot. Julio Antonio Estrada Osorio |
| 856 ## - LOCALIZACIÓN Y ACCESO ELECTRÓNICOS |
| Identificador Uniforme de Recurso |
<a href="https://drive.google.com/file/d/1vpNffJFbjf1EJwSavN4wfE99LmF2rjuh/view">https://drive.google.com/file/d/1vpNffJFbjf1EJwSavN4wfE99LmF2rjuh/view</a> |
| Texto de enlace |
PDF |
| Nota pública |
Un ejemplar en línea. |
| 942 ## - ELEMENTOS DE ENTRADA SECUNDARIOS (KOHA) |
| Fuente de la clasificación o esquema de estantería |
Clasificación Decimal Dewey |
| Tipo de ítem Koha |
TESIS |
| Parte de la signatura que identifica el ejemplar (Parte del ítem) |
TZ 0035 |
| Prefijo de la signatura |
Clasificación |
| Suprimir en OPAC |
No |
| -- |
TZ_0035_000000000000000 |